000
00325nam a2200145Ia 4500
100
_a
Mullery Al/ Besson Micheal
942
_c
BK
654
_a
Computer
245
_a
Lectures Notes in Computer Science
260
_b
Springer
_a
New Delhi
_c
1997
082
_a
4.65
_b
MUL
300
_a
477
546
_a
ENGLISH
999
_c
18422
_d
18422